000 00301 a2200109 4500
000 nam a22 7a 4500
005 20260302164722.0
100 _aParashar, Rakesh Kumar
_91123506
245 _aChemistry of Heterocyclic Compounds
260 _bAne Publishers and Distributors
_c2025
942 _cTEXL
999 _c1688421
_d1688421